000
00276nam a2200121Ia 4500
008
190216s9999||||xx |||||||||||||| ||und||
100
_a
Madavi Kkutty
245
0
_a
Kadalmayooram
260
_b
Current Books
_c
1989
300
_a
125p
650
_a
Malayalam Novel
942
_c
BK
999
_c
26523
_d
26523